Stany wchodzące w skład trzynastu kolonii - Statystyki

Ogólne statystyki
  • Ten quiz został rozwiązany 162 razy
  • Średni wynik to 13 z 18
Statystyki odpowiedzi
Stan % Poprawnych
Nowy Jork
92%
Karolina Północna
86%
Karolina Południowa
86%
Wirginia
82%
Maine
76%
Rhode Island
76%
Pensylwania
75%
Georgia
74%
New Jersey
73%
Wirginia Zachodnia
68%
Maryland
66%
Vermont
64%
Massachusetts
63%
New Hampshire
62%
Delaware
61%
Connecticut
55%
Kentucky
49%
Tennessee
44%
Nie znaleziono quizów pasujących do podanych kryteriów
Rozkład punktacji
Procent ludzi z każdym wynikiem
Percentyl według liczby udzielonych odpowiedzi
Twoja historia wyników
Nie rozwiązałeś tego quizu